Petit Bac #68 - Métro Lillois - Statistiques

Statistiques générales
  • Ce quiz a été pris 296 fois
  • Le résultat moyen est 10 sur 16
Statistiques - réponses
1ère lettre Station % Correct
R Rihour / République - Beaux-Arts / Roubaix - Charles-de-Gaulle / Roubaix - Grand-Place
87%
C Cité scientifique - Professeur Gabillard / Caulier / CHU - Centre Oscar-Lambret / CHU - Eurasanté / Canteleu / Cormontaigne / Croix - Centre / Carliers / Colbert / CH Dron
86%
G Gare Lille-Flandres / Gambetta / Gare Lille-Europe / Gare Jean-Lebas Roubaix / Gare de Tourcoing
84%
P Pont de Bois / Porte des Postes / Pont Supérieur / Port de Lille / Porte d'Arras / Porte de Douai / Porte de Valenciennes / Phalempins / Pont de Neuville
83%
W Wazemmes / Wasquehal - Pavé de Lille / Wasquehal - Hôtel de Ville
78%
M Mairie d'Hellemmes / Marbrerie / Maison des Enfants / Mitterie / Montebello / Mairie de Lille / Mons Sarts / Mairie de Mons / Mairie de Croix / Mercure
75%
T Triolo / Tourcoing - Centre
68%
L Lomme - Lambersart - Arthur-Notebart / Lille Grand Palais / Les Prés - Edgard-Pisani
60%
S Square Flandres / Saint-Philibert / Saint-Maurice Pellevoisin
59%
F Fives / Fort de Mons
58%
V Villeneuve-d'Ascq - Hôtel de Ville
51%
B Bourg / Bois Blancs / Bourgogne
48%
E Épeule - Montesquieu / Eurotéléport
48%
J Jean-Jaurès
34%
Q Quatre Cantons - Stade Pierre-Mauroy
34%
A Alsace
31%
Aucun quiz correspondant
Distribution des résultats
% des personnes avec chaque résultat
Percentile par nombre de réponses
Votre historique - résultats
Vous n’avez pas pris ce quiz